000 00355nam a2200145Ia 4500
005 20251222151342.0
008 251222s9999||||xx |||||||||||||| ||spa||
020 _a8467002816
082 _a613.25/M14
100 _aMadrid Conesa, Juan
245 0 _aSobrepeso y Obesidad:
250 _a1ra. ed.
264 _bEditorial Espasa Calpe, S.A.
942 _cLIB
999 _c24519
_d24519